Strongest European Country in each Region - Statistics

General Stats
  • This quiz has been taken 58 times
  • The average score is 4 of 5
Answer Stats
Hint Answer % Correct
Central Europe Germany
100%
Eastern Europe Russia
94%
Northern Europe UK
93%
Western Europe UK
93%
Balkans Turkey
63%
No matching quizzes found
Score Distribution
Percent of People with Each Score
Percentile by Number Answered
Your Score History
You have not taken this quiz